Cancionero / (Record no. 108747)

MARC details
000 -LEADER
campo de control de longitud fija 00913nam a2200265 i 4500
001 - NÚMERO DE CONTROL
campo de control 108747
003 - IDENTIFICADOR DE NÚMERO DE CONTROL
campo de control ES-MaACL
005 - FECHA Y HORA DE LA ÚLTIMA TRANSACCIÓN
campo de control 20230906184712.0
007 - CAMPO FIJO DE DESCRIPCIÓN FÍSICA--INFORMACIÓN GENERAL
campo de control de longitud fija t|
008 - DATOS DE LONGITUD FIJA--INFORMACIÓN GENERAL
campo de control de longitud fija 061121s1984 sp r ||||1| spa d
020 ## - NÚMERO INTERNACIONAL ESTÁNDAR DEL LIBRO
Número Internacional Estándar del Libro 84-276-0676-1
080 ## - NÚMERO DE LA CLASIFICACIÓN DECIMAL UNIVERSAL
Número de la Clasificación Decimal Universal 821.134.2-14"14"
100 1# - ENTRADA PRINCIPAL--NOMBRE DE PERSONA
Nombre de persona Montoro, Antón de.
9 (RLIN) 82689
245 10 - MENCIÓN DEL TÍTULO
Título Cancionero /
Mención de responsabilidad, etc. Antón de Montoro ; edición preparada por Francisco Cantera Burgos y Carlos Carrete Parrondo.
260 ## - PUBLICACIÓN, DISTRIBUCIÓN, ETC.
Lugar de publicación, distribución, etc. Madrid :
Nombre del editor, distribuidor, etc. Editora Nacional,
Fecha de publicación, distribución, etc. [1984]
300 ## - DESCRIPCIÓN FÍSICA
Extensión 329 p. ;
Dimensiones 18 cm.
490 1# - MENCIÓN DE SERIE
Mención de serie Biblioteca de la literatura y el pensamiento hispánicos ;
Designación de volumen o secuencia 64
500 ## - NOTA GENERAL
Nota general Índices.
504 ## - NOTA DE BIBLIOGRAFÍA, ETC.
Nota de bibliografía, etc. Bibliografía: p. 38- 42.
700 1# - ENTRADA AGREGADA--NOMBRE PERSONAL
Nombre de persona Cantera Burgos, Francisco.
9 (RLIN) 34642
700 1# - ENTRADA AGREGADA--NOMBRE PERSONAL
Nombre de persona Carrete Parrondo, Carlos.
9 (RLIN) 35709
830 1# - PUNTO DE ACCESO ADICIONAL DE SERIE-TÍTULO UNIFORME
Título uniforme Biblioteca de la literatura y el pensamiento hispánicos ;
Designación de volumen o secuencia 64
9 (RLIN) 180925
852 4# - LOCALIZACIÓN
Ubicación ES-MaACL
Número de control de estantería L-8637
Holdings
Estatus retirado Estado de pérdida Estado de daño No para préstamo Biblioteca de origen Biblioteca actual Ubicación en estantería Fecha de adquisición Fuente de adquisición Total de préstamos Signatura topográfica completa Código de barras Visto por última vez Precio de reemplazo Tipo de ítem Koha
        Biblioteca del Ateneo de Madrid Biblioteca del Ateneo de Madrid Depósito 2 17/01/2008     L-8637 1113473 23/02/2023 23/02/2023 Libro impreso